000 00882cam a2200265 a 4500
001 000008868
005 20200929161428.0
008 981223s1994 cu a 001 j spa
010 _a98234321
020 _a9591001096
040 _aDO-SdBNP
_dspa
_cLC
_dBNPHU
_edcrb
082 _aCu863.08
_bF363d
100 1 _aFernández de Juan, Adelaida,
_d1961-
_923420
245 1 0 _aDolly y otros cuentos africanos /
_cAdelaida Fernández de Juan ; edición Redys Pueblas Borrero ; diseño Xiomara Leal.
260 _aLa Habana :
_bLetras cubanas,
_c1994.
300 _a51 p. :
_bil. ;
_c27 cm.
490 1 _aPinos nuevos
650 4 _aCuentos cubanos
_xColecciones
_921659
650 4 _aLiteratura cubana
_91483
700 1 _aPueblas Borrero, Redys,
_eed.
_923421
700 1 _aLeal, Xiomara.
_923422
830 0 _aPinos nuevos
_921271
910 _aCatalogación derivada
049 _aBNGR
999 _c8637
_d8637